[Event "Gibraltar Challengers Week 1"]
[Site "Gibraltar"]
[Date "2010.01.26"]
[Round "1.29"]
[White "Hansen, Erle Andrea Marki"]
[Black "Young, Mel"]
[Result "0-1"]
[WhiteElo "1699"]
[BlackElo "1971"]
[PlyCount "114"]
[EventDate "2010.01.26"]
[SourceDate "2010.01.26"]

1. e4 c5 2. Nf3 d6 3. d4 cxd4 4. Nxd4 Nf6 5. Nc3 a6 6. Be3 e5 7. Nb3 Be6 8. Be2
Be7 9. f3 O-O 10. Qd2 Qc7 11. g4 Rc8 12. O-O-O d5 13. g5 d4 14. gxf6 dxc3 15.
Qxc3 Qxc3 16. bxc3 Bxf6 17. Kb2 Be7 18. Nc5 Bxc5 19. Bxc5 Nd7 20. Be3 Nc5 21.
Bxc5 Rxc5 22. Rd2 Kf8 23. Rhd1 Ke7 24. Rd3 Rac8 25. Rg1 g6 26. Rg2 R8c6 27. a3
Ra5 28. c4 Bxc4 29. Rc3 Rb5+ 30. Rb3 Rxb3+ 31. cxb3 Bxe2 32. Rxe2 Rd6 33. Kc3
Rd1 34. Rf2 h5 35. Kc2 Ra1 36. Kb2 Rg1 37. a4 h4 38. Rc2 Kd7 39. Rc5 Rg2+ 40.
Ka3 Rxh2 41. Rxe5 Rf2 42. Rd5+ Kc6 43. Rd3 g5 44. Rd5 Rxf3 45. Rxg5 Rf4 46. Rg7
Kd6 47. Rh7 Ke6 48. e5 Kxe5 49. Rh6 Rg4 50. Rh7 Ke6 51. Rh6+ f6 52. Rh7 Rd4 53.
Rxb7 h3 54. Rb6+ Rd6 55. Rb4 Kf5 56. Rh4 Rd3 57. Rh5+ Kg4 0-1

[Event "Gibraltar Challengers Week 1"]
[Site "Gibraltar"]
[Date "2010.01.26"]
[Round "1.30"]
[White "Jacobsen, Fredrik"]
[Black "Wright, Jonathan"]
[Result "1-0"]
[WhiteElo "1952"]
[BlackElo "1808"]
[PlyCount "130"]
[EventDate "2010.01.26"]
[SourceDate "2010.01.26"]

1. e4 c6 2. d4 d5 3. exd5 cxd5 4. c4 Nf6 5. Nc3 e6 6. Bg5 Be7 7. c5 O-O 8. Bd3
b6 9. b4 Nc6 10. a3 Nxd4 11. Bxh7+ Nxh7 12. Bxe7 Qxe7 13. Qxd4 bxc5 14. bxc5
Ba6 15. Qb4 Rfb8 16. Qa5 Bc4 17. Nge2 e5 18. Rd1 d4 19. Ne4 Nf6 20. Nd6 Qe6 21.
Nxc4 Qxc4 22. Rc1 Qd5 23. O-O Rc8 24. Ng3 e4 25. Qb4 Nd7 26. Rfd1 Rxc5 27. Rxc5
Nxc5 28. Rxd4 Qg5 29. Rc4 Ne6 30. Nxe4 Qd5 31. Qb3 Rd8 32. Ng3 Nf4 33. f3 Qd2
34. Rxf4 Qxf4 35. Ne4 Rb8 36. Qd3 Qc7 37. h4 Rd8 38. Qb1 Rc8 39. Qd3 Qc1+ 40.
Kh2 Qf4+ 41. g3 Qc1 42. Qd7 Qc7 43. Qg4 Rb8 44. Nf6+ Kf8 45. Nd7+ Kg8 46. Nxb8
Qxb8 47. Qb4 Qc7 48. Kh3 a5 49. Qb5 Qc8+ 50. g4 Qc3 51. Qe8+ Kh7 52. Qe4+ Kg8
53. a4 Qc7 54. h5 Qd8 55. Qe5 f6 56. Qe6+ Kf8 57. Kh4 f5+ 58. g5 Qd4+ 59. Kg3
f4+ 60. Kg4 Qxa4 61. h6 gxh6 62. gxh6 Qa1 63. Qc8+ Kf7 64. Qc4+ Kg6 65. Qa6+
Kh7 {No further moves were recorded} 1-0

[Event "Gibraltar Challengers Week 1"]
[Site "Gibraltar"]
[Date "2010.01.26"]
[Round "1.31"]
[White "Flanagan, Samuel"]
[Black "Bauer, Peter"]
[Result "0-1"]
[WhiteElo "1787"]
[BlackElo "1944"]
[PlyCount "104"]
[EventDate "2010.01.26"]
[SourceDate "2010.01.26"]

1. d4 d5 2. Nf3 Nf6 3. Bf4 Bf5 4. e3 e6 5. Nbd2 Bd6 6. Bg3 O-O 7. Be2 Ne4 8.
Nxe4 Bxe4 9. c3 c5 10. Bd3 cxd4 11. Bxe4 dxe4 12. Nxd4 Bxg3 13. hxg3 Qd5 14.
Qh5 Qxh5 15. Rxh5 Nd7 16. O-O-O Nf6 17. Rh4 g5 18. Rhh1 Rad8 19. a3 a6 20. Rdf1
Kg7 21. Rd1 Ng4 22. Rdf1 Rd6 23. Rh5 h6 24. Rhh1 f5 25. Nc2 Ne5 26. f3 exf3 27.
gxf3 Nd3+ 28. Kb1 Kg6 29. Rh2 Ne5 30. Nd4 Nc4 31. Rfh1 Rh8 32. e4 Rb6 33. exf5+
exf5 34. Ka2 h5 35. Re1 Kf6 36. Rhe2 h4 37. Rh1 h3 38. b3 Ne5 39. Rhe1 Nd3 40.
Rh1 g4 41. fxg4 fxg4 42. Rf1+ Kg6 43. Re3 h2 44. Re4 Nf2 45. Rxf2 h1=Q 46.
Rxg4+ Kh5 47. Rgf4 Rg8 48. Nf5 Rg4 49. R4f3 Qd1 50. Rh2+ Kg5 51. Nd4 Rxb3 52.
Rf5+ Kg6 0-1

[Event "Gibraltar Challengers Week 1"]
[Site "Gibraltar"]
[Date "2010.01.26"]
[Round "1.32"]
[White "Skage, Oystein Aagedal"]
[Black "Lyell, Mark"]
[Result "0-1"]
[WhiteElo "1935"]
[BlackElo "2224"]
[PlyCount "48"]
[EventDate "2010.01.26"]
[SourceDate "2010.01.26"]

1. e4 e5 2. Nf3 Nc6 3. Bb5 f5 4. Bxc6 dxc6 5. Nxe5 Qd4 6. Nf3 Qxe4+ 7. Kf1 Bd6
8. d4 Nf6 9. Bg5 O-O 10. Nc3 Qe8 11. Qd3 Ne4 12. Re1 Qf7 13. Nxe4 fxe4 14. Qxe4
Bf5 15. Qe2 Rae8 16. Be3 Qxa2 17. c4 Qb3 18. Rd1 Bf4 19. Bxf4 Rxe2 20. Kxe2
Qxc4+ 21. Kd2 Be4 22. Be3 Rxf3 23. gxf3 Qc2+ 24. Ke1 Bxf3 0-1

[Event "Gibraltar Challengers Week 1"]
[Site "Gibraltar"]
[Date "2010.01.26"]
[Round "1.33"]
[White "Moreno Cervera, Jose Luis"]
[Black "Savage, Neil"]
[Result "1-0"]
[WhiteElo "1929"]
[BlackElo "1755"]
[PlyCount "77"]
[EventDate "2010.01.26"]
[SourceDate "2010.01.26"]

1. d4 Nf6 2. Bf4 g6 3. e3 Bg7 4. Nf3 O-O 5. Be2 c5 6. c3 d6 7. O-O Nbd7 8. h3
a6 9. a4 Re8 10. Bh2 b6 11. Nbd2 Bb7 12. Nc4 b5 13. Na3 b4 14. cxb4 cxb4 15.
Nc4 Ne4 16. Nfd2 Nb6 17. a5 Nxc4 18. Nxc4 Rc8 19. Qe1 Rxc4 20. Bxc4 Qa8 21. f3
Nf6 22. Qxb4 Nd5 23. Qd2 Qa7 24. Bxd5 Bxd5 25. Rac1 Rb8 26. Qc3 Bh6 27. Bf4
Bxf4 28. exf4 Rb3 29. Qd2 Qb7 30. Rf2 Qb5 31. f5 Rd3 32. Qh6 Bc4 33. Rfc2 Rxd4
34. Kh2 d5 35. Qe3 Qb8+ 36. Kh1 Rf4 37. b3 d4 38. Qd2 d3 39. Rxc4 1-0

[Event "Gibraltar Challengers Week 1"]
[Site "Gibraltar"]
[Date "2010.01.26"]
[Round "1.34"]
[White "Mulligan, Stephen"]
[Black "Eden, Tomer"]
[Result "0-1"]
[WhiteElo "2104"]
[BlackElo "2191"]
[PlyCount "72"]
[EventDate "2010.01.26"]
[SourceDate "2010.01.26"]

1. d4 d5 2. c4 c6 3. Nf3 Nf6 4. Nc3 a6 5. e3 b5 6. b3 Bg4 7. Be2 e6 8. O-O Nbd7
9. h3 Bh5 10. a4 b4 11. Nb1 Ne4 12. Bb2 Bd6 13. Nfd2 Bxe2 14. Qxe2 f5 15. Nxe4
fxe4 16. f4 O-O 17. Nd2 Qh4 18. Qe1 Qh6 19. Rc1 Nb8 20. Rc2 Ra7 21. Nb1 Raf7
22. Bc1 a5 23. Re2 Kh8 24. Ref2 Be7 25. Kh2 Nd7 26. g3 Nf6 27. Qe2 Bd6 28. Kg2
g5 29. f5 exf5 30. Rxf5 Bxg3 31. cxd5 cxd5 32. Qa6 g4 33. Rh1 gxh3+ 34. Rxh3
Qg6 35. Qf1 Bc7+ 36. Kh1 Ng4 0-1

[Event "Gibraltar Challengers Week 1"]
[Site "Gibraltar"]
[Date "2010.01.26"]
[Round "1.35"]
[White "Daoudi, Kamal"]
[Black "Rioseco Pinochet, Fernan"]
[Result "1-0"]
[WhiteElo "2142"]
[BlackElo "2226"]
[PlyCount "107"]
[EventDate "2010.01.26"]
[SourceDate "2010.01.26"]

1. e4 a6 2. d4 e6 3. Nf3 b5 4. Bd3 Bb7 5. O-O Nf6 6. e5 Nd5 7. c3 c5 8. Ng5 Nc6
9. Qh5 g6 10. Qf3 f5 11. Bxf5 Qe7 12. Be4 cxd4 13. Bxd5 exd5 14. Qxd5 O-O-O 15.
cxd4 h6 16. Nf3 Na5 17. Qc5+ Qxc5 18. dxc5 Bxf3 19. gxf3 Bxc5 20. Nd2 Rdf8 21.
Ne4 Be7 22. f4 Nc6 23. Be3 g5 24. fxg5 hxg5 25. Rac1 Rh4 26. f3 Kb7 27. Bc5 Rf7
28. Bxe7 Rxe7 29. Nd6+ Kc7 30. Nf5 Rxe5 31. Nxh4 gxh4 32. f4 Rf5 33. Kg2 d5 34.
Kh3 d4 35. Kg4 Rd5 36. Kxh4 Kd7 37. Kg4 d3 38. Rfd1 Rd4 39. Rc3 b4 40. Rb3 Ke6
41. Kg3 d2 42. Re3+ Kf5 43. Re2 Rd3+ 44. Kg2 b3 45. a3 Rd4 46. Rdxd2 Rc4 47.
Kg3 Nd4 48. Re5+ Kf6 49. Ra5 Nf5+ 50. Kg4 Ne3+ 51. Kf3 Nc2 52. Rxa6+ Ke7 53.
Rb6 Nd4+ 54. Rxd4 1-0

[Event "Gibraltar Challengers Week 1"]
[Site "Gibraltar"]
[Date "2010.01.26"]
[Round "1.36"]
[White "Vinas Guerrero, Carlos"]
[Black "Kandic, Milan"]
[Result "1-0"]
[WhiteElo "2120"]
[BlackElo "2216"]
[PlyCount "94"]
[EventDate "2010.01.26"]
[SourceDate "2010.01.26"]

1. e4 c5 2. Nf3 Nc6 3. c3 g6 4. d4 Bg7 5. dxc5 Nf6 6. Bd3 Qc7 7. O-O Ne5 8.
Nxe5 Qxe5 9. Be3 O-O 10. Nd2 d5 11. f4 Qc7 12. e5 Ng4 13. Bd4 f6 14. exf6 Bxf6
15. Qf3 Be6 16. Rae1 Qd7 17. Qe2 Bxd4+ 18. cxd4 Rf6 19. Nf3 Nh6 20. Ng5 Bf5 21.
Bb5 Qc7 22. Qxe7 Qxe7 23. Rxe7 a6 24. Be2 b6 25. Rc1 Rc6 26. Bf3 Rd8 27. b4 Bg4
28. Rce1 Bxf3 29. Re8+ Rxe8 30. Rxe8+ Kg7 31. Nxf3 bxc5 32. bxc5 Rf6 33. g3 Nf7
34. Re7 Kf8 35. Rb7 Ke8 36. Ne5 Nxe5 37. fxe5 Rf3 38. Rxh7 Rd3 39. c6 Kd8 40.
Rd7+ Kc8 41. Rxd5 Kc7 42. e6 Kxc6 43. e7 Re3 44. Re5 Rxe5 45. dxe5 Kd7 46. Kf2
Kxe7 47. Ke3 Ke6 1-0

[Event "Gibraltar Challengers Week 1"]
[Site "Gibraltar"]
[Date "2010.01.26"]
[Round "1.37"]
[White "Urbina Perez, Juan Antonio"]
[Black "Fokin, Sergey"]
[Result "0-1"]
[WhiteElo "2197"]
[BlackElo "2109"]
[PlyCount "90"]
[EventDate "2010.01.26"]
[SourceDate "2010.01.26"]

1. e4 c5 2. Nf3 e6 3. d4 cxd4 4. Nxd4 a6 5. Bd3 Bc5 6. Nb3 Ba7 7. Nc3 d6 8. O-O
Ne7 9. Qe2 Nbc6 10. Be3 b5 11. a4 b4 12. Na2 O-O 13. Rfd1 Bxe3 14. Qxe3 Rb8 15.
Nac1 Qc7 16. Ne2 Ne5 17. Ned4 Bb7 18. Qe2 Ra8 19. Rdc1 d5 20. Nf3 N7g6 21. exd5
Nxd3 22. Qxd3 Bxd5 23. c4 bxc3 24. Rxc3 Qf4 25. Qe3 Rfb8 26. Nc5 Rxb2 27. Nd3
Qxe3 28. fxe3 Re2 29. Nc1 Bxf3 30. Nxe2 Bxe2 31. Re1 Bh5 32. Rc5 f5 33. Rb1 Ra7
34. Rb6 Kf7 35. Ra5 Rc7 36. Raxa6 Rc1+ 37. Kf2 Rc2+ 38. Kg3 Be2 39. Ra7+ Kf6
40. Rab7 Bc4 41. Rb2 Rc3 42. Kf2 Ne5 43. Rd2 Ra3 44. Rb6 Ng4+ 45. Ke1 Nxe3 {
The remainder of the scoresheet is illegible.} 0-1

[Event "Gibraltar Challengers Week 1"]
[Site "Gibraltar"]
[Date "2010.01.26"]
[Round "1.38"]
[White "Jayakumar, Adarsh"]
[Black "Molina, Antonio"]
[Result "1-0"]
[WhiteElo "2090"]
[BlackElo "2148"]
[PlyCount "109"]
[EventDate "2010.01.26"]
[SourceDate "2010.01.26"]

1. d4 Nf6 2. c4 g6 3. Nc3 Bg7 4. e4 d6 5. f3 O-O 6. Be3 Nbd7 7. Nge2 c6 8. Qd2
e5 9. d5 cxd5 10. cxd5 a6 11. Nc1 Ne8 12. Be2 f5 13. O-O f4 14. Bf2 g5 15. b4
h5 16. Nb3 b6 17. Na4 Rf6 18. Rfc1 Rg6 19. Rc6 b5 20. Nb6 Nxb6 21. Bxb6 Qf6 22.
a4 bxa4 23. Rxa4 g4 24. b5 h4 25. bxa6 h3 26. Rxc8 Rxc8 27. fxg4 hxg2 28. a7
Qh4 29. Bf2 Qh3 30. Qd3 Rh6 31. Qxh3 Rxh3 32. Nd2 Ra8 33. Ba6 Nc7 34. Bb7 Rf8
35. Kxg2 Rd3 36. Nc4 f3+ 37. Kg3 Bh6 38. a8=Q Nxa8 39. Rxa8 Bf4+ 40. Kh3 Rxa8
41. Bxa8 Kg7 42. Nxd6 Rb3 43. Nf5+ Kf6 44. d6 Rb8 45. Bc6 Rh8+ 46. Bh4+ Bg5 47.
Kg3 Bxh4+ 48. Nxh4 f2 49. Bb5 Rb8 50. Be2 Rb3+ 51. Kg2 Re3 52. Bf3 Ke6 53. Kxf2
Rd3 54. Nf5 Kd7 55. h4 1-0

[Event "Gibraltar Challengers Week 1"]
[Site "Gibraltar"]
[Date "2010.01.26"]
[Round "1.40"]
[White "Avalos, Joao"]
[Black "Osuna Vega, Enrique"]
[Result "1-0"]
[WhiteElo "2245"]
[BlackElo "2136"]
[PlyCount "81"]
[EventDate "2010.01.26"]
[SourceDate "2010.01.26"]

1. d4 Nf6 2. Nf3 g6 3. c4 Bg7 4. g3 O-O 5. Bg2 d5 6. cxd5 Nxd5 7. O-O Nc6 8.
Nc3 Nb6 9. e3 e5 10. d5 Na5 11. e4 Nac4 12. a4 a5 13. b3 Nd6 14. Re1 Re8 15.
Bg5 f6 16. Be3 Bd7 17. Rc1 Nbc8 18. Qc2 Ne7 19. Nd2 f5 20. f4 fxe4 21. Ncxe4
Rc8 22. fxe5 Bxe5 23. Nc4 Bf5 24. Bg5 Bd4+ 25. Kh1 Qd7 26. Qd2 Nxe4 27. Bxe4
Bg7 28. Bg2 b6 29. d6 b5 30. axb5 cxd6 31. Nb6 Qxb5 32. Nxc8 Nxc8 33. Qd5+ Qxd5
34. Bxd5+ Kf8 35. Rxe8+ Kxe8 36. Rc7 h6 37. Bd2 Bf6 38. Bc6+ Kd8 39. Rf7 Bd4
40. Bxh6 Ne7 41. Bg5 1-0

[Event "Gibraltar Challengers Week 1"]
[Site "Gibraltar"]
[Date "2010.01.26"]
[Round "1.41"]
[White "Indrebo, Kyrre"]
[Black "Staples, Daniel"]
[Result "1/2-1/2"]
[WhiteElo "1730"]
[BlackElo "1896"]
[PlyCount "70"]
[EventDate "2010.01.26"]
[SourceDate "2010.01.26"]

1. c4 d6 2. g3 e5 3. Bg2 c5 4. Nc3 g6 5. Nf3 Bg7 6. O-O Ne7 7. Ne1 O-O 8. Nc2
Nbc6 9. a3 a5 10. Rb1 Be6 11. Ne3 f5 12. f4 Rb8 13. Ned5 Bf7 14. d3 Nxd5 15.
Nxd5 Ne7 16. Nxe7+ Qxe7 17. Bd2 b6 18. b4 axb4 19. axb4 e4 20. Qc2 exd3 21.
exd3 Bd4+ 22. Kh1 Qf6 23. Rfe1 Rfe8 24. Bc6 Rxe1+ 25. Rxe1 b5 26. Rb1 bxc4 27.
dxc4 cxb4 28. Rxb4 Rc8 29. Qa4 Bc5 30. Rb1 Qd4 31. Ba5 Bxc4 32. Rd1 Qxd1+ 33.
Qxd1 Rxc6 34. Kg2 d5 35. Qe1 Kf7 1/2-1/2

[Event "Gibraltar Challengers Week 1"]
[Site "Gibraltar"]
[Date "2010.01.26"]
[Round "1.42"]
[White "Obiamiwe, Paul"]
[Black "Navarro Perez, Manuel"]
[Result "1/2-1/2"]
[WhiteElo "2046"]
[BlackElo "2099"]
[PlyCount "141"]
[EventDate "2010.01.26"]
[SourceDate "2010.01.26"]

1. Nf3 g6 2. c4 Bg7 3. Nc3 d6 4. d4 Nf6 5. e4 O-O 6. Be2 Nc6 7. h3 e5 8. Bg5 h6
9. Be3 a6 10. Qd2 Kh7 11. O-O Rb8 12. Rac1 Bd7 13. a3 Qe7 14. d5 Na5 15. Qc2 b6
16. b4 Nb7 17. Nd2 Ng8 18. Nb3 f5 19. f3 f4 20. Bf2 Nd8 21. c5 b5 22. Na5 Qg5
23. Kh2 Qh5 24. Nb3 Nf6 25. Qd1 Nf7 26. Re1 g5 27. Kg1 Qg6 28. Na5 Nd8 29. cxd6
cxd6 30. Nc6 Ra8 31. Ne7 Qf7 32. Nf5 Ne8 33. Bd3 Kh8 34. a4 bxa4 35. Nxa4 Rb8
36. Nb6 Bxf5 37. exf5 Nc7 38. Qe2 Na8 39. Nxa8 Rxa8 40. Bxa6 Qxf5 41. Rc7 Rf7
42. Bd3 Qf6 43. Rc2 Rb8 44. b5 h5 45. Qe4 Bf8 46. Rb1 Rfb7 47. b6 Qg7 48. Qf5
Rf7 49. Qg6 h4 50. Qh5+ Kg8 51. Qg6 Nb7 52. Qe6 Nd8 53. Qg6 Nb7 54. Qe4 Nc5 55.
Bxc5 dxc5 56. Bc4 Bd6 57. Rcb2 Rfb7 58. Ba6 Re7 59. Bc4 Qh7 60. Ra2 Qxe4 61.
fxe4 Kf8 62. Ra6 Reb7 63. Kf1 Ke7 64. Ke2 Kf6 65. Kf3 Be7 66. Kg4 Bd8 67. Rb5
Rxb6 68. Raxb6+ Bxb6 69. Be2 Ba7 70. Rxb8 Bxb8 71. Bc4 1/2-1/2

[Event "Gibraltar Challengers Week 1"]
[Site "Gibraltar"]
[Date "2010.01.27"]
[Round "2.1"]
[White "Fokin, Sergey"]
[Black "Avalos Parra, Joao"]
[Result "1-0"]
[WhiteElo "2109"]
[BlackElo "2245"]
[PlyCount "70"]
[EventDate "2010.01.26"]
[SourceDate "2010.01.26"]

1. Nf3 Nf6 2. c4 c6 3. d4 d5 4. e3 Bf5 5. Nc3 e6 6. Ne5 Bd6 7. g4 Bxe5 8. gxf5
Bd6 9. fxe6 fxe6 10. f4 O-O 11. Bd2 c5 12. dxc5 Bxc5 13. Qf3 Nc6 14. O-O-O d4
15. Ne4 Nxe4 16. Qxe4 Qf6 17. Bd3 g6 18. Kb1 dxe3 19. Bxe3 Bxe3 20. Qxe3 Nb4
21. a3 Nxd3 22. Rxd3 Qf5 23. Ka1 Rac8 24. Rd4 Rc6 25. Rhd1 a6 26. Qb3 Rf7 27.
Rd8+ Kg7 28. R8d7 Rc7 29. R7d4 Qf6 30. Qe3 b5 31. cxb5 axb5 32. Rb4 Rc4 33.
Rxc4 bxc4 34. Rd4 Rb7 35. Qc3 Qxd4 1-0

[Event "Gibraltar Challengers Week 1"]
[Site "Gibraltar"]
[Date "2010.01.27"]
[Round "2.2"]
[White "Lyell, Mark"]
[Black "Flermoen, Peter"]
[Result "1-0"]
[WhiteElo "2224"]
[BlackElo "2108"]
[PlyCount "49"]
[EventDate "2010.01.26"]
[SourceDate "2010.01.26"]

1. e4 c5 2. Nc3 Nc6 3. Bb5 g6 4. Bxc6 dxc6 5. d3 Bg7 6. f4 Nf6 7. Nf3 O-O 8.
O-O Bg4 9. Be3 Nd7 10. h3 Bxf3 11. Qxf3 b6 12. Rae1 Qc7 13. Nd1 Rad8 14. Bd2
Nb8 15. Bc3 Bd4+ 16. Kh1 Na6 17. a3 Qd7 18. Ne3 Nc7 19. f5 Bxc3 20. bxc3 f6 21.
fxg6 hxg6 22. Qg3 Kf7 23. e5 Nd5 24. e6+ Qxe6 25. Nc4 1-0

[Event "Gibraltar Challengers Week 1"]
[Site "Gibraltar"]
[Date "2010.01.27"]
[Round "2.3"]
[White "Demac, Elias"]
[Black "Arvola, Benjamin"]
[Result "0-1"]
[WhiteElo "2104"]
[BlackElo "2218"]
[PlyCount "106"]
[EventDate "2010.01.26"]
[SourceDate "2010.01.26"]

1. d4 Nf6 2. Bg5 Ne4 3. Bf4 c5 4. f3 Nf6 5. d5 Nh5 6. Bc1 e6 7. e4 Qh4+ 8. Ke2
Ng3+ 9. hxg3 Qxh1 10. Kf2 Qh5 11. Nh3 e5 12. Be2 Qg6 13. Nc3 a6 14. a4 Be7 15.
f4 Qf6 16. f5 Qb6 17. a5 Qc7 18. d6 Qxd6 19. Nd5 Nc6 20. c3 Bd8 21. Bg5 Bxg5
22. Nxg5 Ne7 23. Bc4 Nxd5 24. Bxd5 Qf6 25. Nxf7 Rf8 26. Qh5 Rxf7 27. Bxf7+ Qxf7
28. Qxh7 d5 29. Rd1 d4 30. g4 Bd7 31. Qh8+ Qf8 32. Qh2 O-O-O 33. Qxe5 Ba4 34.
Qe6+ Kb8 35. Rd2 Qf6 36. Qxf6 gxf6 37. cxd4 Rxd4 38. Re2 Bd1 39. Re3 Bxg4 40.
Kg3 Bd1 41. e5 Rg4+ 42. Kh3 fxe5 43. Rxe5 Rg5 44. Rxc5 Bg4+ 45. Kg3 Rxf5 46.
Rc4 Be2 47. Re4 Bf1 48. Re1 Rf8 49. Kh2 Bb5 50. Re4 Rf2 51. b4 Bc6 52. Rg4 Kc7
53. Kh3 Bd7 0-1

[Event "Gibraltar Challengers Week 1"]
[Site "Gibraltar"]
[Date "2010.01.27"]
[Round "2.4"]
[White "Fegan, Chris"]
[Black "Tjolsen, Katrine"]
[Result "1/2-1/2"]
[WhiteElo "2093"]
[BlackElo "2212"]
[PlyCount "93"]
[EventDate "2010.01.26"]
[SourceDate "2010.01.26"]

1. d4 d5 2. Nf3 Nf6 3. e3 c5 4. b3 Nc6 5. Bd3 Bg4 6. Bb2 cxd4 7. exd4 e6 8.
Nbd2 Qa5 9. a3 Be7 10. O-O O-O 11. c4 dxc4 12. Nxc4 Qd8 13. Nce5 Bxf3 14. Nxf3
Nd5 15. Rc1 g6 16. Re1 Qb6 17. b4 a6 18. h4 Rad8 19. h5 Bf6 20. Bb1 Bg7 21. Rc5
Rfe8 22. Ng5 Nf6 23. Re3 Nxh5 24. Nxf7 Nxd4 25. Nxd8 Rxd8 26. Rxh5 Nf5 27. Rd3
Rxd3 28. Bxd3 gxh5 29. Bxg7 Kxg7 30. Qxh5 Qd4 31. Qg5+ Kf7 32. Qh5+ Kf6 33.
Bxf5 Qa1+ 34. Kh2 Qe5+ 35. g3 Qxf5 36. Qxf5+ exf5 37. Kg2 Ke5 38. Kf3 Ke6 39.
Kf4 Kf6 40. Ke3 Ke5 41. a4 b6 42. Kd3 Kd5 43. f3 b5 44. a5 h5 45. f4 Ke6 46.
Kd4 Kd6 47. Ke3 1/2-1/2

[Event "Gibraltar Challengers Week 1"]
[Site "Gibraltar"]
[Date "2010.01.27"]
[Round "2.5"]
[White "Eden, Tomer"]
[Black "Allor, Chukwuka"]
[Result "1/2-1/2"]
[WhiteElo "2191"]
[BlackElo "2100"]
[PlyCount "42"]
[EventDate "2010.01.26"]
[SourceDate "2010.01.26"]

1. Nf3 Nf6 2. c4 g6 3. Nc3 d5 4. Qa4+ Bd7 5. Qb3 dxc4 6. Qxc4 Bg7 7. e4 Bc6 8.
d3 O-O 9. Be2 Nbd7 10. b4 Ne8 11. Bb2 Nd6 12. Qb3 b6 13. O-O Bb7 14. Na4 e5 15.
Rac1 Kh8 16. Nc3 f5 17. Nd5 c6 18. Ne3 fxe4 19. dxe4 Nxe4 20. Qd3 Nef6 21. Nxe5
Nxe5 1/2-1/2

[Event "Gibraltar Challengers Week 1"]
[Site "Gibraltar"]
[Date "2010.01.27"]
[Round "2.6"]
[White "Havik, Victor"]
[Black "Daoudi, Kamal"]
[Result "0-1"]
[WhiteElo "2093"]
[BlackElo "2142"]
[PlyCount "46"]
[EventDate "2010.01.26"]
[SourceDate "2010.01.26"]

1. d4 Nf6 2. c4 e6 3. Nc3 d5 4. cxd5 exd5 5. Bg5 Nbd7 6. e3 Be7 7. Bd3 c6 8.
Nge2 O-O 9. Ng3 h6 10. h4 Nb6 11. Qc2 Ng4 12. Bxe7 Qxe7 13. O-O-O Nc4 14. e4
Be6 15. Bxc4 dxc4 16. d5 cxd5 17. exd5 Bd7 18. Rd4 Qf6 19. Rxc4 b5 20. Re4 Qxf2
21. Qd3 Qb6 22. Nd1 f5 23. Rf4 Qc7+ 0-1

[Event "Gibraltar Challengers Week 1"]
[Site "Gibraltar"]
[Date "2010.01.27"]
[Round "2.7"]
[White "Jayakumar, Adarsh"]
[Black "Thingstad, Even"]
[Result "1-0"]
[WhiteElo "2090"]
[BlackElo "2141"]
[PlyCount "69"]
[EventDate "2010.01.26"]
[SourceDate "2010.01.26"]

1. d4 Nf6 2. c4 e6 3. g3 Bb4+ 4. Bd2 Qe7 5. Bg2 Nc6 6. Nf3 Bxd2+ 7. Nbxd2 d6 8.
O-O e5 9. d5 Nb8 10. e4 a5 11. Ne1 O-O 12. Nd3 Na6 13. f4 Nd7 14. a3 c6 15. b4
f6 16. Bh3 Nb6 17. Bxc8 Rfxc8 18. fxe5 fxe5 19. dxc6 bxc6 20. c5 dxc5 21. Qb3+
Kh8 22. bxa5 c4 23. Nxc4 Nc5 24. Qxb6 Nxd3 25. Qe3 Rd8 26. Rad1 Nc5 27. Qc3
Rxd1 28. Rxd1 h6 29. Nxe5 Nxe4 30. Qxc6 Qc5+ 31. Qxc5 Nxc5 32. Nc4 Nb3 33. Rd5
Rc8 34. Nb6 Rc6 35. a6 1-0

[Event "Gibraltar Challengers Week 1"]
[Site "Gibraltar"]
[Date "2010.01.27"]
[Round "2.8"]
[White "Brown, Thomas E"]
[Black "Vinas Guerrero, Carlos A"]
[Result "0-1"]
[WhiteElo "2064"]
[BlackElo "2120"]
[PlyCount "32"]
[EventDate "2010.01.26"]
[SourceDate "2010.01.26"]

1. d4 d5 2. c4 c6 3. Nf3 Nf6 4. e3 e6 5. Nc3 Nbd7 6. Bd3 dxc4 7. Bxc4 b5 8. Bd3
Bd6 9. O-O O-O 10. Qe2 Bb7 11. e4 e5 12. Rd1 Qb8 13. d5 cxd5 14. Nxd5 Bxd5 15.
exd5 e4 16. Bxe4 Re8 0-1

[Event "Gibraltar Challengers Week 1"]
[Site "Gibraltar"]
[Date "2010.01.27"]
[Round "2.9"]
[White "Odeh, Kenneth"]
[Black "Byron, Alan M"]
[Result "1/2-1/2"]
[WhiteElo "2012"]
[BlackElo "2196"]
[PlyCount "56"]
[EventDate "2010.01.26"]
[SourceDate "2010.01.26"]

1. e4 c6 2. d4 d5 3. Nc3 dxe4 4. Nxe4 Nd7 5. Nf3 Ngf6 6. Neg5 e6 7. Bd3 Bd6 8.
Qe2 Qe7 9. Ne5 O-O 10. O-O h6 11. Ngf3 c5 12. c3 cxd4 13. cxd4 Re8 14. a3 Nf8
15. Bd2 Bd7 16. Nxd7 N8xd7 17. Ne5 Nb6 18. Rac1 Rac8 19. Ba5 Nbd5 20. Bb5 Rf8
21. Bd2 Rfd8 22. Ba5 Rf8 23. Bd2 Bb8 24. Bd3 a6 25. Bb1 Ba7 26. Qd3 Qd6 27.
Rfd1 Bb8 28. g3 Rfd8 1/2-1/2

[Event "Gibraltar Challengers Week 1"]
[Site "Gibraltar"]
[Date "2010.01.27"]
[Round "2.10"]
[White "Young, Mel J"]
[Black "Kvisla, Johannes Luangtep"]
[Result "1/2-1/2"]
[WhiteElo "1971"]
[BlackElo "2161"]
[PlyCount "85"]
[EventDate "2010.01.26"]
[SourceDate "2010.01.26"]

1. e4 Nc6 2. d4 e5 3. d5 Nce7 4. Nf3 Ng6 5. c4 Nf6 6. Nc3 Bc5 7. Be2 d6 8. O-O
O-O 9. Qc2 a6 10. a3 c6 11. b4 Ba7 12. dxc6 bxc6 13. Na4 Qe7 14. c5 dxc5 15.
Nxc5 Bxc5 16. bxc5 Be6 17. Rb1 Rfb8 18. Bd2 Nd7 19. Ng5 Nxc5 20. Nxe6 Nxe6 21.
Rxb8+ Rxb8 22. Qxc6 Nd4 23. Qxa6 Qb7 24. Bc4 Qxe4 25. Bd3 Qd5 26. Rc1 Rf8 27.
Rc8 Qa2 28. Bxg6 hxg6 29. Rxf8+ Kxf8 30. Qc8+ Ke7 31. Bg5+ f6 32. Qc7+ Ke6 33.
Qc8+ Kd6 34. Qd8+ Kc5 35. Qc7+ Kd5 36. Qf7+ Ne6 37. Qb7+ Kc4 38. Qb4+ Kd3 39.
Qd6+ Nd4 40. Bc1 Qb1 41. Qa6+ Kc2 42. Qc4+ Kd1 43. Qf1+ 1/2-1/2

[Event "Gibraltar Challengers Week 1"]
[Site "Gibraltar"]
[Date "2010.01.27"]
[Round "2.11"]
[White "Tscharotschkin, Michael"]
[Black "Jacobsen, Fredrik Beer"]
[Result "1/2-1/2"]
[WhiteElo "2211"]
[BlackElo "1952"]
[PlyCount "80"]
[EventDate "2010.01.26"]
[SourceDate "2010.01.26"]

1. d4 f5 2. c4 Nf6 3. g3 g6 4. Bg2 Bg7 5. Nf3 O-O 6. O-O d6 7. Nc3 Qe8 8. Qc2
Bd7 9. b3 Na6 10. Bb2 c6 11. Rad1 e5 12. dxe5 dxe5 13. Ba3 c5 14. Rd6 e4 15.
Ng5 Nb4 16. Qd2 h6 17. Bxb4 cxb4 18. Nd5 hxg5 19. Nxf6+ Bxf6 20. Rxd7 Rf7 21.
Rxf7 Qxf7 22. Qxb4 Qe7 23. Qxe7 Bxe7 24. f3 exf3 25. Bxf3 Rd8 26. Bd5+ Kg7 27.
e4 Bc5+ 28. Kg2 Kf6 29. exf5 gxf5 30. Re1 Rd7 31. Re6+ Kg7 32. h4 gxh4 33. gxh4
Re7 34. Rxe7+ Bxe7 35. h5 b6 36. Kf3 Bd6 37. Be6 Kf6 38. Bd7 Kg5 39. Be8 a5 40.
Bg6 Bb4 1/2-1/2

[Event "Gibraltar Challengers Week 1"]
[Site "Gibraltar"]
[Date "2010.01.27"]
[Round "2.12"]
[White "Plater, Ronald"]
[Black "Hagen, Anders Gjerdrum"]
[Result "0-1"]
[WhiteElo "1904"]
[BlackElo "2108"]
[PlyCount "118"]
[EventDate "2010.01.26"]
[SourceDate "2010.01.26"]

1. e4 c5 2. Nf3 Nc6 3. Bb5 Nf6 4. Nc3 Qc7 5. O-O Nd4 6. Bc4 a6 7. a4 d6 8. h3
e5 9. d3 Be7 10. Bg5 O-O 11. Bxf6 Bxf6 12. Nd5 Qd8 13. c3 Ne6 14. Qd2 Bd7 15.
a5 Bc6 16. Kh2 Nc7 17. Nb6 Rb8 18. Qe3 Qe7 19. g3 Rbd8 20. Bd5 Nxd5 21. exd5
Bb5 22. c4 Bd7 23. Rae1 Rde8 24. Qe4 g6 25. g4 Bg7 26. Nxd7 Qxd7 27. b3 f5 28.
gxf5 Rxf5 29. Qg4 Qd8 30. Nd2 Rg5 31. Qe2 Rh5 32. Ne4 Bh6 33. f4 Qh4 34. Qe3
Rf8 35. Qg3 Bxf4 36. Rxf4 Qxf4 37. Qxf4 Rxf4 38. Re3 Rxe4 39. Rxe4 Rf5 40. Kg2
Kg7 41. Re2 Kf6 42. Rb2 Kg5 43. b4 cxb4 44. Rxb4 Rf7 45. Rb6 Rd7 46. Rb4 Kf4
47. c5+ Ke3 48. cxd6 Kxd3 49. Rb6 Kd4 50. Kf3 Rf7+ 51. Ke2 Kxd5 52. Ke3 g5 53.
Ke2 Rd7 54. Ke3 h5 55. Kf3 Rf7+ 56. Kg3 e4 57. Kg2 Rd7 58. Kf2 Rf7+ 59. Kg2 e3
0-1